<?xml version="1.0" encoding="UTF-8"?>
<record
    xmlns:xsi="http://www.w3.org/2001/XMLSchema-instance"
    xsi:schemaLocation="http://www.loc.gov/MARC21/slim http://www.loc.gov/standards/marcxml/schema/MARC21slim.xsd"
    xmlns="http://www.loc.gov/MARC21/slim">

  <leader>00775nam a2200229Ia 4500</leader>
  <controlfield tag="001">20640</controlfield>
  <controlfield tag="003">GE_BSU</controlfield>
  <controlfield tag="008">181216s||||||||xx |||||||||||||| ||und||</controlfield>
  <datafield tag="020" ind1=" " ind2=" ">
    <subfield code="a">9785893292411</subfield>
  </datafield>
  <datafield tag="040" ind1=" " ind2=" ">
    <subfield code="c">GE_BSU</subfield>
  </datafield>
  <datafield tag="080" ind1=" " ind2=" ">
    <subfield code="a">7.01</subfield>
  </datafield>
  <datafield tag="100" ind1=" " ind2=" ">
    <subfield code="a">&#x413;&#x438;&#x43B;&#x431;&#x435;&#x440;&#x442; &#x41A;&#x430;&#x442;&#x440;&#x438;&#x43D; &#x42D;&#x432;&#x435;&#x440;&#x435;&#x442;&#x442;,&#x413;&#x435;&#x43B;&#x44C;&#x43C;&#x443;&#x43D;&#x442; &#x41A;&#x443;&#x43D;</subfield>
  </datafield>
  <datafield tag="245" ind1=" " ind2=" ">
    <subfield code="a">&#x418;&#x441;&#x442;&#x43E;&#x440;&#x438;&#x44F; &#x42D;&#x441;&#x442;&#x435;&#x442;&#x438;&#x43A;&#x438;= A History of ESTHETICS</subfield>
  </datafield>
  <datafield tag="245" ind1=" " ind2=" ">
    <subfield code="c">&#x41F;&#x43E;&#x434; &#x43E;&#x431;&#x448;.&#x440;&#x435;&#x434;.&#x412;.&#x41F;.&#x421;&#x430;&#x43B;&#x44C;&#x43D;&#x438;&#x43A;&#x43E;&#x432;&#x430;.&#x43F;&#x435;&#x440;.&#x441; &#x430;&#x43D;&#x433;&#x43B;&#x438;&#x439;&#x441;&#x43A;&#x43E;&#x433;&#x43E;,&#x41A;&#x443;&#x437;&#x43D;&#x435;&#x446;&#x43E;&#x432;&#x430; &#x412;.&#x412;.&#x438; &#x422;&#x438;&#x445;&#x43E;&#x43C;&#x438;&#x440;&#x43E;&#x432;&#x43E;&#x439; &#x418;.&#x421;</subfield>
  </datafield>
  <datafield tag="260" ind1=" " ind2=" ">
    <subfield code="a">&#x421;&#x430;&#x43D;&#x43A;&#x442;-&#x41F;&#x435;&#x442;&#x435;&#x440;&#x431;&#x443;&#x440;&#x433;</subfield>
  </datafield>
  <datafield tag="260" ind1=" " ind2=" ">
    <subfield code="b">&#x423;&#x43D;&#x438;&#x432;&#x435;&#x440;&#x441;&#x438;&#x442;&#x435;&#x442;</subfield>
  </datafield>
  <datafield tag="260" ind1=" " ind2=" ">
    <subfield code="c">2000</subfield>
  </datafield>
  <datafield tag="300" ind1=" " ind2=" ">
    <subfield code="a">653&#x441;&#x442;&#x440;,22&#x441;&#x43C;</subfield>
  </datafield>
  <datafield tag="653" ind1=" " ind2=" ">
    <subfield code="a">&#x418;&#x441;&#x442;&#x43E;&#x440;&#x438;&#x44F; &#x42D;&#x441;&#x442;&#x435;&#x442;&#x438;&#x43A;&#x438;</subfield>
  </datafield>
  <datafield tag="653" ind1=" " ind2=" ">
    <subfield code="a">&#x10D4;&#x10E1;&#x10D7;&#x10D4;&#x10E2;&#x10D8;&#x10D9;&#x10D0;</subfield>
  </datafield>
  <datafield tag="942" ind1=" " ind2=" ">
    <subfield code="c">BK</subfield>
  </datafield>
  <datafield tag="999" ind1=" " ind2=" ">
    <subfield code="c">53593</subfield>
    <subfield code="d">53593</subfield>
  </datafield>
  <datafield tag="952" ind1=" " ind2=" ">
    <subfield code="0">0</subfield>
    <subfield code="1">0</subfield>
    <subfield code="4">0</subfield>
    <subfield code="7">0</subfield>
    <subfield code="9">75988</subfield>
    <subfield code="d">2018-12-17</subfield>
    <subfield code="p">53914</subfield>
    <subfield code="r">2018-12-17</subfield>
    <subfield code="w">2018-12-17</subfield>
    <subfield code="y">BK</subfield>
  </datafield>
</record>
